[Event "51smm A Deutschnofen-Klausen"]
[Site "?"]
[Date "2020.02.21"]
[Round "8.3"]
[White "Seebacher, Reinhard"]
[Black "Gallana, Marco"]
[Result "0-1"]
[WhiteElo "1909"]
[BlackElo "2192"]
[PlyCount "76"]
[EventDate "2020.02.21"]

1. e4 c5 2. Nf3 d6 3. Bb5+ Bd7 4. Bxd7+ Nxd7 5. O-O Ngf6 6. Nc3 e6 7. d4 cxd4
8. Nxd4 a6 9. a4 Be7 10. a5 O-O 11. f4 Rc8 12. Kh1 Rc5 13. Nb3 Rxc3 14. bxc3
Nxe4 15. Qf3 d5 16. Bd2 Bf6 17. Be1 Qc7 18. Nd4 Rc8 19. Rb1 Ndc5 20. f5 e5 21.
Nb3 Na4 22. Nc1 Naxc3 23. Bxc3 Nxc3 24. Rb6 Ne4 25. Qd3 Qc5 26. Qe2 h6 27. Rxb7
Qxa5 28. Nb3 Qc3 29. Qxa6 Qxc2 30. Qb5 Nd6 31. Qxd5 Nxb7 32. Qxb7 Rc3 33. Na5
Qxf5 34. Qb5 Qd3 35. Qxd3 Rxd3 36. Nc6 Rd6 37. Nb4 e4 38. Nc2 Rd2 0-1

[Event "51smm A Deutschnofen-Klausen"]
[Site "?"]
[Date "2020.02.21"]
[Round "8.4"]
[White "Tonina, Filippo"]
[Black "Schrott, Johann"]
[Result "1/2-1/2"]
[WhiteElo "1965"]
[BlackElo "1812"]
[PlyCount "74"]
[EventDate "2020.02.21"]

1. d4 Nf6 2. c4 g6 3. f3 d6 4. Nc3 Nbd7 5. e4 e5 6. Be3 Bg7 7. Qd2 exd4 8. Bxd4
O-O 9. Bd3 Ne5 10. Nge2 Be6 11. b3 c6 12. Bc2 Qa5 13. O-O c5 14. Be3 Rad8 15.
Rad1 a6 16. Nd5 Qxd2 17. Nxf6+ Bxf6 18. Rxd2 b5 19. cxb5 axb5 20. Rfd1 Be7 21.
Nc3 Rb8 22. Bf4 b4 23. Nd5 Bxd5 24. Rxd5 f6 25. Bd3 Ra8 26. Rd2 g5 27. Bg3 Kf7
28. Bc4 Kg7 29. Rc2 Ra3 30. Rdd2 Rfa8 31. Kf2 Nxc4 32. bxc4 R8a6 33. Ke2 Kf7
34. Kd1 Ke6 35. Ke2 h6 36. f4 R6a5 37. f5+ Kd7 1/2-1/2

[Event "51smm A Deutschnofen-Klausen"]
[Site "?"]
[Date "2020.02.21"]
[Round "8.5"]
[White "Schrott, Ernst"]
[Black "Thurner, Markus"]
[Result "1/2-1/2"]
[WhiteElo "1867"]
[BlackElo "1892"]
[PlyCount "63"]
[EventDate "2020.02.21"]

1. e4 e6 2. c4 d5 3. exd5 exd5 4. cxd5 Nf6 5. Nc3 Nxd5 6. Bc4 Nb6 7. Bb3 Be7 8.
Nf3 O-O 9. d4 Bg4 10. d5 Bb4 11. O-O Bxc3 12. bxc3 Qf6 13. Qd4 Bxf3 14. Qxf6
gxf6 15. gxf3 Kh8 16. Bf4 Na6 17. Rfe1 Nc5 18. Rad1 Nxb3 19. axb3 Rad8 20. c4
Rd7 21. Rd3 Nc8 22. Rde3 Nd6 23. Bxd6 cxd6 24. Kg2 Kg7 25. Kg3 f5 26. Kf4 Kf6
27. Re7 Rfd8 28. Rxd7 Rxd7 29. Re8 a6 30. Rh8 Kg7 31. Rb8 Kf6 32. h3 1/2-1/2

[Event "51smm A Deutschnofen-Klausen"]
[Site "?"]
[Date "2020.02.21"]
[Round "8.6"]
[White "Welsch, Ulrich"]
[Black "Schrott, Karl"]
[Result "0-1"]
[WhiteElo "1793"]
[BlackElo "1960"]
[PlyCount "54"]
[EventDate "2020.02.21"]

1. d4 d5 2. Nf3 Nf6 3. g3 Bf5 4. Bg2 e6 5. Nbd2 Nbd7 6. c4 c6 7. O-O Bd6 8. Re1
h6 9. b3 O-O 10. Bb2 Ne4 11. Rc1 Ndf6 12. Ne5 Nxf2 13. Kxf2 Bxe5 14. dxe5 Ng4+
15. Kf3 Nxh2+ 16. Kf2 Ng4+ 17. Kf3 Qg5 18. Bd4 f6 19. exf6 e5 20. e4 dxe4+ 21.
Nxe4 Bxe4+ 22. Rxe4 Nxf6 23. Bc5 Nh5+ 24. Bxf8 Rxf8+ 25. Ke2 Nxg3+ 26. Ke1 Nxe4
27. Bxe4 Qe3+ 0-1

[Event "51smm A Naturns-Kaltern/Tramin"]
[Site "?"]
[Date "2020.02.21"]
[Round "8.1"]
[White "Bertagnolli, Alexander"]
[Black "Hofmann, Lorenz"]
[Result "1/2-1/2"]
[WhiteElo "2346"]
[BlackElo "1967"]
[PlyCount "154"]
[EventDate "2020.02.21"]

1. e4 c6 2. Nf3 d5 3. exd5 cxd5 4. Ne5 Nc6 5. Bb5 Bd7 6. Nxd7 Qxd7 7. d4 a6 8.
Be2 Nf6 9. O-O e6 10. Bf4 Bd6 11. Bxd6 Qxd6 12. c3 O-O 13. Nd2 b5 14. b4 Rfc8
15. a4 Na7 16. axb5 Nxb5 17. Bxb5 axb5 18. Nb3 Ne4 19. Nc5 Qf4 20. Nxe4 Qxe4
21. Qd2 h6 22. Ra5 Rxa5 23. bxa5 Ra8 24. f3 Qh4 25. Ra1 Qd8 26. Qa2 Qc7 27. Qa3
Ra7 28. Qb4 Qc6 29. Ra3 f6 30. Kf2 Kf7 31. Rb3 Qc7 32. Ra3 Qxh2 33. Qxb5 Qh4+
34. Kg1 Qe1+ 35. Qf1 Qxf1+ 36. Kxf1 Ke7 37. Ke2 Kd6 38. Kd3 Kc6 39. c4 h5 40.
cxd5+ Kxd5 41. f4 Ra6 42. Ra1 g6 43. Ra2 h4 44. Ra1 Ra7 45. a6 Kc6 46. Ke4 Kd6
47. Ra5 Kc6 48. Ra3 Kd6 49. Kd3 Kd5 50. Ra1 Kc6 51. Kc4 g5 52. fxg5 fxg5 53.
Re1 Rxa6 54. Rxe6+ Kb7 55. Re7+ Kc8 56. Rg7 Ra5 57. d5 Ra4+ 58. Kc5 Rg4 59. Kc6
Rc4+ 60. Kd6 Rg4 61. Ke6 Rxg2 62. Rg8+ Kb7 63. d6 Re2+ 64. Kd7 Re5 65. Rh8 Re3
66. Rh5 Rg3 67. Rh7 Re3 68. Re7 Rd3 69. Ke8+ Kc6 70. d7 h3 71. d8=Q Rxd8+ 72.
Kxd8 g4 73. Rh7 Kd5 74. Rh4 Ke4 75. Rxg4+ Kf3 76. Rh4 Kg2 77. Rxh3 Kxh3 1/2-1/2

[Event "51smm A Naturns-Kaltern/Tramin"]
[Site "?"]
[Date "2020.02.21"]
[Round "8.3"]
[White "Zucchelli, Massimo"]
[Black "Gurschler, Gregor"]
[Result "1/2-1/2"]
[WhiteElo "2150"]
[BlackElo "1768"]
[PlyCount "94"]
[EventDate "2020.02.21"]

1. d4 d6 2. Nf3 Bg4 3. g3 Bxf3 4. exf3 d5 5. Be2 e6 6. O-O Nf6 7. Nd2 c5 8.
dxc5 Bxc5 9. Nb3 Bb6 10. Be3 Nc6 11. c3 O-O 12. Qd2 Bxe3 13. Qxe3 Qc7 14. Rfd1
b6 15. Rac1 Rfd8 16. Kg2 Rac8 17. Ba6 Rb8 18. Bb5 Ra8 19. h4 a6 20. Be2 Ne5 21.
Nd2 Nc4 22. Nxc4 dxc4 23. f4 b5 24. Bf3 Rab8 25. a3 a5 26. Rxd8+ Rxd8 27. Rd1
Rxd1 28. Bxd1 h6 29. f3 Qd6 30. Bc2 b4 31. axb4 axb4 32. cxb4 Qxb4 33. Qd4 Nd5
34. Be4 Qb5 35. Kf2 f5 36. Bxd5 exd5 37. g4 fxg4 38. fxg4 Qd7 39. Kf3 Kf7 40.
h5 Qe6 41. Qa7+ Kg8 42. Qe3 Qd7 43. Qd4 Kf7 44. Kg3 Kg8 45. Kf3 Kf7 46. Kg3 Qe6
47. Kf3 Qd7 1/2-1/2

[Event "51smm A Naturns-Kaltern/Tramin"]
[Site "?"]
[Date "2020.02.21"]
[Round "8.4"]
[White "Gurschler, Thomas"]
[Black "Comai, Samuele"]
[Result "0-1"]
[WhiteElo "1869"]
[BlackElo "1897"]
[PlyCount "71"]
[EventDate "2020.02.21"]

1. d4 Nf6 2. Bf4 d5 3. e3 c5 4. c3 Nc6 5. Nd2 e6 6. Bd3 Be7 7. Ngf3 O-O 8. Ne5
Nd7 9. O-O Ncxe5 10. dxe5 b6 11. Qg4 f5 12. Qh3 c4 13. Bc2 Nc5 14. Nf3 Bd7 15.
g4 Ne4 16. gxf5 exf5 17. Nd4 g6 18. Bh6 Re8 19. f3 Ng5 20. Qg2 Kh8 21. Kh1 Nf7
22. Bf4 Bf8 23. Rg1 Qc8 24. h4 Qd8 25. Qg3 Bg7 26. Bxf5 Nxe5 27. Bxd7 Qxd7 28.
Rg2 Nd3 29. Rag1 Nxf4 30. exf4 Bxd4 31. cxd4 Qf5 32. h5 Re6 33. hxg6 Rxg6 34.
Qh4 Qf6 35. Qxf6+ Rxf6 36. Rg7 0-1

[Event "51smm A Naturns-Kaltern/Tramin"]
[Site "?"]
[Date "2020.02.22"]
[Round "8.5"]
[White "Steinegger, Egon"]
[Black "Naegele, Raimund"]
[Result "1/2-1/2"]
[WhiteElo "1482"]
[BlackElo "1612"]
[PlyCount "47"]
[EventDate "2020.02.21"]

1. e4 c6 2. Nf3 d5 3. exd5 cxd5 4. d4 Nc6 5. Nc3 Bg4 6. Be2 e6 7. a3 Nf6 8. h3
Bh5 9. O-O Be7 10. Bf4 O-O 11. Ne5 Bxe2 12. Nxe2 Rc8 13. c3 a6 14. Nxc6 Rxc6
15. Nc1 Rc8 16. Nb3 b5 17. Bg5 h6 18. Bxf6 Bxf6 19. Re1 Qd6 20. Nc5 Rc7 21. Qd3
Rfc8 22. Re2 Qb6 23. f4 a5 24. f5 1/2-1/2

[Event "51smm A Naturns-Kaltern/Tramin"]
[Site "?"]
[Date "2020.02.21"]
[Round "8.6"]
[White "Gurschler, Markus"]
[Black "Osanna, Franjo"]
[Result "1-0"]
[WhiteElo "1591"]
[BlackElo "1084"]
[PlyCount "53"]
[EventDate "2020.02.21"]

1. d4 d5 2. Bf4 Bf5 3. e3 a6 4. Nf3 Nc6 5. c3 e6 6. Bd3 Bg6 7. Ne5 Nxe5 8. dxe5
f6 9. Bxg6+ hxg6 10. Qg4 Kf7 11. Nd2 f5 12. Qe2 Be7 13. O-O-O Bg5 14. Nf3 Bxf4
15. exf4 Ne7 16. Ng5+ Ke8 17. Nxe6 Qd7 18. Nc5 Qc6 19. Nb3 Kf7 20. Nd4 Qc5 21.
Qe3 Qb6 22. Nf3 Qc6 23. g3 Rad8 24. h4 Rd7 25. e6+ Qxe6 26. Ng5+ Kg8 27. Qxe6+
1-0

[Event "51smm A Naturns2-Groeden"]
[Site "?"]
[Date "2020.02.21"]
[Round "8.1"]
[White "Moroder, Stephan"]
[Black "Nischler, Hermann"]
[Result "1-0"]
[WhiteElo "2143"]
[BlackElo "1344"]
[PlyCount "85"]
[EventDate "2020.02.21"]

1. e4 d5 2. exd5 Qxd5 3. Nc3 Qa5 4. b4 Qe5+ 5. Be2 Bf5 6. Nf3 Qd6 7. Nb5 Qb6 8.
a4 c6 9. a5 Qd8 10. Nbd4 Bg6 11. Bb2 Nf6 12. a6 bxa6 13. O-O e6 14. Ra4 Be7 15.
Ne5 O-O 16. Ndxc6 Nxc6 17. Nxc6 Qc7 18. Nxe7+ Qxe7 19. Rxa6 Rfc8 20. Bxf6 gxf6
21. c3 Rd8 22. d4 Rac8 23. Qd2 Rd6 24. Rfa1 Rxa6 25. Bxa6 Rc7 26. h3 Kg7 27.
Bf1 Rd7 28. Qe3 h6 29. Ra5 Qd8 30. h4 h5 31. Be2 f5 32. g3 Rc7 33. Qe5+ Kh7 34.
Rc5 Rd7 35. Bf3 Qe7 36. Rc6 f6 37. Qxe6 Qg7 38. Qxf6 Qg8 39. Bxh5 Rg7 40. Bxg6+
Rxg6 41. Qxf5 Kh6 42. Qg5+ Kh7 43. Qh5+ 1-0

[Event "51smm A Naturns2-Groeden"]
[Site "?"]
[Date "2020.02.21"]
[Round "8.2"]
[White "Seppi, Alexander"]
[Black "Demetz, Rainer"]
[Result "0-1"]
[WhiteElo "1514"]
[BlackElo "2170"]
[PlyCount "60"]
[EventDate "2020.02.21"]

1. e4 c5 2. Nf3 e6 3. Nc3 a6 4. d4 cxd4 5. Nxd4 Qc7 6. Be3 Nf6 7. f3 b5 8. Nb3
Bb7 9. Qd2 d6 10. O-O-O Be7 11. Kb1 O-O 12. Be2 Nc6 13. h4 Rfd8 14. g4 d5 15.
exd5 Nxd5 16. Nxd5 Rxd5 17. Qe1 Nb4 18. c3 Rxd1+ 19. Bxd1 Nd5 20. Bc1 b4 21.
cxb4 Bxb4 22. Bd2 Be7 23. Bc2 Rc8 24. Be4 Nf6 25. Bxb7 Qxb7 26. g5 Nd5 27. Qe4
Qb5 28. Rc1 Rxc1+ 29. Bxc1 g6 30. Nd2 Nc3+ 0-1

[Event "51smm A Naturns2-Groeden"]
[Site "?"]
[Date "2020.02.21"]
[Round "8.3"]
[White "Bernardi, Ruben"]
[Black "Christanell, Anton"]
[Result "1-0"]
[WhiteElo "2101"]
[BlackElo "1488"]
[PlyCount "55"]
[EventDate "2020.02.21"]

1. e4 g6 2. Nc3 Bg7 3. f4 d6 4. Nf3 e6 5. Be2 Nc6 6. d4 d5 7. e5 Nge7 8. Be3
Nf5 9. Bf2 Bh6 10. g4 Nfe7 11. Qd2 Nb4 12. O-O-O a5 13. h4 b6 14. a3 Na6 15. h5
Bg7 16. hxg6 fxg6 17. Rh3 Qd7 18. Bh4 h6 19. Bd3 Bb7 20. Qe2 Nb8 21. Bf6 Kf7
22. Bxe7 Qxe7 23. Nh4 Qd7 24. Nxg6 Rg8 25. f5 Nc6 26. fxe6+ Qxe6 27. Bf5 Qe8
28. e6+ 1-0

[Event "51smm A Naturns2-Groeden"]
[Site "?"]
[Date "2020.02.21"]
[Round "8.4"]
[White "Wielander, Wolfgang"]
[Black "Moroder, Thomas"]
[Result "0-1"]
[WhiteElo "1492"]
[BlackElo "1984"]
[PlyCount "56"]
[EventDate "2020.02.21"]

1. e4 c5 2. Nf3 d6 3. d4 cxd4 4. Nxd4 Nf6 5. Nc3 a6 6. Be2 e6 7. O-O Qc7 8. Be3
Be7 9. f4 O-O 10. f5 e5 11. Nb3 b5 12. a3 Bb7 13. Qd3 Nbd7 14. g4 Rfd8 15. g5
Nc5 16. Bxc5 dxc5 17. Qf3 Ne8 18. g6 Nf6 19. Rad1 c4 20. Nc1 Rd4 21. Rxd4 exd4
22. Nd5 Nxd5 23. exd5 Bc5 24. gxh7+ Kh8 25. Nd3 cxd3 26. Bxd3 Qe5 27. Be4 Re8
28. f6 d3+ 0-1

[Event "51smm A Naturns2-Groeden"]
[Site "?"]
[Date "2020.02.21"]
[Round "8.5"]
[White "Grossi, Christian"]
[Black "Christanell, Andre"]
[Result "1-0"]
[WhiteElo "1858"]
[BlackElo "1491"]
[PlyCount "81"]
[EventDate "2020.02.21"]

1. d4 d5 2. c4 e6 3. Nc3 Nf6 4. Nf3 c5 5. e3 Nc6 6. a3 Bd6 7. dxc5 Bxc5 8. b4
Be7 9. Bb2 O-O 10. h3 dxc4 11. Bxc4 Qc7 12. Qe2 a6 13. O-O b5 14. Bb3 Bb7 15.
e4 Ne5 16. Nxe5 Qxe5 17. Nd5 Qd6 18. e5 Qxd5 19. Bxd5 Nxd5 20. f4 Nb6 21. Rad1
Bd5 22. f5 exf5 23. Rxd5 Nxd5 24. e6 f4 25. Qe4 Rad8 26. exf7+ Rxf7 27. Rd1 Ne3
28. Rxd8+ Bxd8 29. Qe8+ Rf8 30. Qe6+ Kh8 31. Qxa6 f3 32. gxf3 Rxf3 33. Qxb5
Rf1+ 34. Qxf1 Nxf1 35. Kxf1 Kg8 36. Bd4 Kf8 37. a4 Bc7 38. a5 g6 39. a6 Bb8 40.
b5 Ke8 41. b6 1-0

[Event "51smm A Naturns2-Groeden"]
[Site "?"]
[Date "2020.02.21"]
[Round "8.6"]
[White "Koellemann, Simon"]
[Black "Casadio, Niccolo"]
[Result "0-1"]
[WhiteElo "1514"]
[BlackElo "1879"]
[PlyCount "104"]
[EventDate "2020.02.21"]

1. d4 e6 2. Bf4 Nf6 3. Nf3 d5 4. e3 Bd6 5. Bg3 O-O 6. c4 b6 7. Bd3 Bb7 8. Nc3
a6 9. cxd5 exd5 10. Qc2 c5 11. Bh4 h6 12. O-O Be7 13. Ne5 Nc6 14. Nxc6 Bxc6 15.
dxc5 bxc5 16. Rad1 Qb6 17. Rfe1 Rfd8 18. h3 Rab8 19. b3 Qb7 20. Bf1 Rbc8 21.
Ne2 Qb4 22. Bg3 Ne4 23. Be5 Bf6 24. Bxf6 Nxf6 25. Qd2 Qb6 26. Nc3 d4 27. exd4
cxd4 28. Ne2 Ne4 29. Qd3 Nc5 30. Qd2 Ne6 31. Nf4 Ng5 32. Bd3 Qb7 33. h4 Ne4 34.
Bxe4 Bxe4 35. f3 Bf5 36. Re5 Bh7 37. Rde1 Qc6 38. Re7 d3 39. R7e3 Qd6 40. Nxd3
Bxd3 41. Rd1 Qd4 42. Qxd3 Qb6 43. Qxd8+ Rxd8 44. Rxd8+ Qxd8 45. Re4 f5 46. Ra4
Qd6 47. h5 Kf7 48. Kf2 Kf6 49. f4 g6 50. hxg6 Kxg6 51. g3 Kh5 52. Kg2 Kg4 0-1

[Event "51smm A Richter/Lask-Ehrenburg"]
[Site "?"]
[Date "2020.02.21"]
[Round "8.1"]
[White "Hengl, Christian"]
[Black "De Eccher, Stefano"]
[Result "1/2-1/2"]
[WhiteElo "2156"]
[BlackElo "2178"]
[PlyCount "71"]
[EventDate "2020.02.21"]

1. e4 c5 2. Nc3 Nc6 3. g3 g6 4. Bg2 Bg7 5. d3 d6 6. f4 e6 7. Nf3 Nge7 8. O-O
O-O 9. Be3 b6 10. Bf2 Nd4 11. e5 Nxf3+ 12. Bxf3 Rb8 13. exd6 Qxd6 14. Ne4 Qd7
15. Qe2 Bb7 16. Rad1 Rbd8 17. c3 Ba6 18. c4 Nf5 19. Kh1 Nd4 20. Bxd4 Bxd4 21.
g4 f5 22. Ng5 Rde8 23. Qg2 Re7 24. Rde1 fxg4 25. Bxg4 Bb7 26. Ne4 Qc7 27. Qh3
Rxf4 28. Bxe6+ Kg7 29. Bd5 Bc8 30. Qg2 Rxf1+ 31. Rxf1 Qe5 32. Qf3 Bf5 33. Ng3
Bxb2 34. Nxf5+ Qxf5 35. Qxf5 gxf5 36. Rxf5 1/2-1/2

[Event "51smm A Richter/Lask-Ehrenburg"]
[Site "?"]
[Date "2020.02.21"]
[Round "8.2"]
[White "Bevilacqua, Maurizio"]
[Black "Jedinger, Andreas"]
[Result "0-1"]
[WhiteElo "2048"]
[BlackElo "2099"]
[PlyCount "66"]
[EventDate "2020.02.21"]

1. c4 Nf6 2. g3 g6 3. Bg2 Bg7 4. Nc3 O-O 5. d4 d6 6. Nf3 Nc6 7. O-O e5 8. d5
Nb8 9. e4 a5 10. Ne1 Na6 11. Nd3 Nd7 12. Be3 b6 13. a3 Ndc5 14. Nxc5 Nxc5 15.
b4 axb4 16. axb4 Rxa1 17. Qxa1 Nb3 18. Qa7 f5 19. f3 f4 20. Bf2 fxg3 21. Bxg3
Nd2 22. Rf2 Bh6 23. Kh1 Be3 24. Re2 Qg5 25. Qxc7 Bd4 26. Nb5 Nxf3 27. Bxf3 Bh3
28. Nxd4 exd4 29. Re1 Rxf3 30. e5 Qd2 31. Rg1 Qe2 32. Qd8+ Rf8 33. Qh4 Qf3+ 0-1

[Event "51smm A Richter/Lask-Ehrenburg"]
[Site "?"]
[Date "2020.02.21"]
[Round "8.3"]
[White "Steger, Gerhard"]
[Black "Billio, Atto"]
[Result "1/2-1/2"]
[WhiteElo "1909"]
[BlackElo "2033"]
[PlyCount "56"]
[EventDate "2020.02.21"]

1. Nc3 c5 2. e4 e6 3. g3 Nc6 4. Bg2 g6 5. d3 Bg7 6. Be3 Nd4 7. Qd2 Ne7 8. Nd1
d6 9. c3 Ndc6 10. Bh6 O-O 11. h4 Ne5 12. Bxg7 Kxg7 13. h5 Ng4 14. f3 Nf6 15.
hxg6 fxg6 16. Qh6+ Kh8 17. Ne3 Rf7 18. Nh3 Nh5 19. Ng5 Rg7 20. Rxh5 gxh5 21.
Qxh5 Nf5 22. Nf7+ Rxf7 23. Qxf7 Nxe3 24. Kf2 Nxg2 25. Rh1 Qg8 26. Qf6+ Qg7 27.
Qd8+ Qg8 28. Qf6+ Qg7 1/2-1/2

[Event "51smm A Richter/Lask-Ehrenburg"]
[Site "?"]
[Date "2020.02.21"]
[Round "8.4"]
[White "Buglisi, Massimo"]
[Black "Babinetz, Rainer"]
[Result "0-1"]
[WhiteElo "1930"]
[BlackElo "1940"]
[PlyCount "74"]
[EventDate "2020.02.21"]

1. e4 Nf6 2. e5 Nd5 3. d4 d6 4. c4 Nb6 5. exd6 cxd6 6. Nc3 g6 7. Be3 Bg7 8. Rc1
O-O 9. b3 Nc6 10. d5 Ne5 11. Be2 h6 12. f4 Ned7 13. Nf3 Nf6 14. Nd4 Nbd7 15.
O-O Qa5 16. Qd2 Nc5 17. f5 g5 18. h4 gxh4 19. Rf4 e5 20. dxe6 fxe6 21. fxe6
Bxe6 22. Rxh4 h5 23. Nxe6 Nxe6 24. Qxd6 Ng5 25. Qg3 Nf7 26. Bd4 Qg5 27. Qxg5
Nxg5 28. Bxf6 Bxf6 29. Rxh5 Rae8 30. Bf3 b6 31. Nb5 a6 32. Nd6 Bd4+ 33. Kh1 Re5
34. Bd5+ Kg7 35. Rd1 Bc5 36. Bb7 Ne4 37. Rxe5 Rh8+ 0-1

[Event "51smm A Richter/Lask-Ehrenburg"]
[Site "?"]
[Date "2020.02.21"]
[Round "8.5"]
[White "Mairhofer, Lino"]
[Black "Kowalczyk, Martin"]
[Result "1/2-1/2"]
[WhiteElo "1100"]
[BlackElo "1781"]
[PlyCount "81"]
[EventDate "2020.02.21"]

1. e4 d6 2. d4 Nf6 3. Nc3 g6 4. Be3 Bg7 5. Qd2 c6 6. f3 Qa5 7. Bd3 b5 8. Nge2
Nbd7 9. O-O O-O 10. Bh6 b4 11. Nd1 c5 12. Bxg7 Kxg7 13. c3 bxc3 14. Ndxc3 cxd4
15. Nxd4 Nc5 16. Be2 Qb6 17. Kh1 Rb8 18. Rab1 Ne6 19. Nxe6+ Bxe6 20. b3 Rfc8
21. Rfc1 Qf2 22. Nd1 Qh4 23. g3 Qh5 24. Ne3 Qe5 25. Bc4 Bxc4 26. Nxc4 Qh5 27.
Kg2 d5 28. exd5 Rd8 29. d6 Rb5 30. Rd1 exd6 31. Qb2 d5 32. Qd4 Re8 33. Ne3 Qe5
34. Kf2 Qxd4 35. Rxd4 Rc5 36. Rbd1 Rd8 37. R1d2 a5 38. h3 h6 39. f4 Rd7 40. Kf3
Rc3 41. R4d3 1/2-1/2

[Event "51smm A Richter/Lask-Ehrenburg"]
[Site "?"]
[Date "2020.02.21"]
[Round "8.6"]
[White "Gruber, Martin"]
[Black "Winding, Felix"]
[Result "1-0"]
[WhiteElo "1602"]
[BlackElo "1098"]
[PlyCount "121"]
[EventDate "2020.02.21"]

1. e4 e6 2. d4 d5 3. e5 c5 4. c3 Nc6 5. Nf3 Qb6 6. Qb3 Qxb3 7. axb3 cxd4 8.
cxd4 Bd7 9. Na3 Bb4+ 10. Bd2 Bxd2+ 11. Kxd2 Na5 12. Nb5 Nxb3+ 13. Kc3 Nxa1 14.
Nc7+ Kd8 15. Nxa8 Kc8 16. Bd3 Kb8 17. Rxa1 h6 18. Nc7 Kxc7 19. Rxa7 Ne7 20. b4
Rc8 21. Ra2 Kb6+ 22. Kd2 Bb5 23. Ne1 Bxd3 24. Kxd3 Rc4 25. Nc2 Nc6 26. Ra8 f6
27. f4 fxe5 28. fxe5 Ne7 29. Re8 Rc7 30. Na1 Kb5 31. Nb3 b6 32. Rb8 Nc6 33. Re8
Ne7 34. Rb8 Nc6 35. Re8 Kxb4 36. Nd2 Re7 37. Rc8 Kb5 38. Nb1 Na7 39. Rc2 Ka6
40. Nc3 Kb7 41. Na4 Rc7 42. Rb2 Nc8 43. Nc5+ Rxc5 44. dxc5 Kc6 45. cxb6 Nxb6
46. Rf2 Kc5 47. Rf7 d4 48. Rxg7 Kd5 49. Rh7 Na4 50. Rxh6 Nc5+ 51. Kd2 Ne4+ 52.
Kc2 Kxe5 53. Rh3 Nf2 54. Rf3 Ng4 55. h3 Ne3+ 56. Rxe3+ dxe3 57. Kd3 Kf4 58. Ke2
e5 59. h4 e4 60. g3+ Kg4 61. Kxe3 1-0

[Event "51smm B Gries-Bruneck"]
[Site "?"]
[Date "2020.02.21"]
[Round "8.5"]
[White "Scanferla, Antonio"]
[Black "Niederstaetter, Harald"]
[Result "0-1"]
[WhiteElo "1466"]
[BlackElo "1880"]
[PlyCount "97"]
[EventDate "2020.02.21"]

1. e4 c6 2. d3 d5 3. Nc3 dxe4 4. Nxe4 e5 5. Nf3 Nd7 6. Be2 Ngf6 7. Bg5 Qa5+ 8.
c3 Be7 9. O-O O-O 10. Qc2 Re8 11. Rfe1 Qc7 12. Rad1 Nd5 13. Bxe7 Rxe7 14. Bf1
Nf8 15. h3 a6 16. Ng3 c5 17. Qb1 f5 18. d4 cxd4 19. cxd4 e4 20. Ne5 Be6 21. Qc1
Qb6 22. Qd2 Rc7 23. Bc4 Nf6 24. b3 Bxc4 25. bxc4 Qe6 26. Rc1 Rd8 27. Red1 N8d7
28. Nxd7 Rdxd7 29. d5 Qe5 30. Qd4 Qxd4 31. Rxd4 g6 32. Ne2 Kf7 33. Nf4 Rc8 34.
Re1 b6 35. Ne6 Ne8 36. f3 exf3 37. gxf3 Nd6 38. Rc1 Nb7 39. Rdd1 Nc5 40. Nd4
Re8 41. Rd2 Re3 42. Rcd1 Kf6 43. Kf2 f4 44. Ne2 g5 45. h4 h6 46. hxg5+ hxg5 47.
Rh1 Nd3+ 48. Kf1 Ne5 49. Kg2 0-1

[Event "51smm B Lana-Klausen 2"]
[Site "?"]
[Date "2020.02.21"]
[Round "8.1"]
[White "Sigmund, Ingenuin"]
[Black "Pichler, Norbert"]
[Result "0-1"]
[WhiteElo "1701"]
[BlackElo "1900"]
[PlyCount "92"]
[EventDate "2020.02.21"]

1. Nf3 c5 2. e3 d5 3. b3 Nc6 4. Bb2 Nh6 5. d4 f6 6. Nbd2 cxd4 7. Nxd4 e5 8.
Nxc6 bxc6 9. Be2 Be6 10. O-O Bd6 11. c4 O-O 12. Qc1 Nf7 13. Rd1 Qb8 14. Ba3 Rd8
15. Bxd6 Rxd6 16. Qa3 a5 17. Rac1 Qb4 18. Qb2 Rad8 19. a3 Qb7 20. c5 R6d7 21.
b4 axb4 22. axb4 Rc7 23. Ra1 Rb8 24. Ra4 Ra8 25. Rda1 Rxa4 26. Rxa4 Bd7 27. Qa3
Nd8 28. Ra8 Bc8 29. Qa5 f5 30. f3 Ne6 31. Ra6 Bd7 32. g4 g6 33. Qa3 f4 34. exf4
Nxf4 35. Bf1 Be8 36. Rb6 Qa7 37. Ra6 Qb7 38. Nb3 Qc8 39. Ra8 Qd7 40. Qa5 Kf7
41. b5 e4 42. Kf2 Qe7 43. b6 e3+ 44. Kg3 h5 45. Kxf4 h4 46. Rxe8 g5+ 0-1

[Event "51smm B Merania-Taufers"]
[Site "?"]
[Date "2020.02.22"]
[Round "8.1"]
[White "Holzer, Philipp"]
[Black "Bonagura, Stefano"]
[Result "1/2-1/2"]
[WhiteElo "1880"]
[BlackElo "2231"]
[PlyCount "74"]
[EventDate "2020.02.21"]

1. e4 e5 2. Nf3 Nc6 3. Bc4 Bc5 4. Nc3 Nf6 5. d3 h6 6. a3 a6 7. Be3 Ba7 8. O-O
d6 9. h3 g5 10. Nd2 Nd4 11. Nd5 c6 12. Nxf6+ Qxf6 13. c3 Ne6 14. Bxa7 Rxa7 15.
Bxe6 Bxe6 16. Qf3 Qf4 17. Qxf4 gxf4 18. Kh2 Ra8 19. g3 fxg3+ 20. fxg3 Ke7 21.
Rf2 Rag8 22. Re1 Rg6 23. Re3 Rf6 24. Ref3 Rxf3 25. Nxf3 f6 26. Kg2 d5 27. Nh4
Rg8 28. Nf5+ Bxf5 29. Rxf5 Ke6 30. g4 Rg6 31. Kf3 b5 32. Ke3 c5 33. b4 d4+ 34.
Kd2 Kd6 35. Kc2 Kc6 36. Kb3 cxb4 37. axb4 Kd6 1/2-1/2

[Event "51smm B Merania-Taufers"]
[Site "?"]
[Date "2020.02.22"]
[Round "8.2"]
[White "Teutsch, Alexander"]
[Black "Forer, Erich"]
[Result "1-0"]
[WhiteElo "2061"]
[BlackElo "1812"]
[PlyCount "51"]
[EventDate "2020.02.21"]

1. d4 Nf6 2. c4 Nc6 3. Bg5 e5 4. d5 Bb4+ 5. Nc3 Ne7 6. Qb3 Ne4 7. Qxb4 Nxg5 8.
h4 Ng6 9. hxg5 Qxg5 10. Nf3 Qd8 11. d6 c6 12. c5 O-O 13. e3 b6 14. Qg4 b5 15.
Bd3 e4 16. Nxe4 f5 17. Qh5 fxe4 18. Qxh7+ Kf7 19. Bxe4 Nh8 20. Rh5 Qa5+ 21. Kf1
Qb4 22. Rf5+ Ke8 23. Rxf8+ Kxf8 24. Qxh8+ Kf7 25. Ne5+ Kf6 26. Qf8+ 1-0

[Event "51smm B Merania-Taufers"]
[Site "?"]
[Date "2020.02.22"]
[Round "8.3"]
[White "Haidacher, Gerold"]
[Black "Battiston, Claudio"]
[Result "1/2-1/2"]
[WhiteElo "1735"]
[BlackElo "1812"]
[PlyCount "55"]
[EventDate "2020.02.21"]

1. e4 d6 2. d4 g6 3. Be3 Bg7 4. Nc3 c6 5. Qd2 b5 6. Bd3 Nf6 7. f3 Qa5 8. Nge2
Nbd7 9. O-O O-O 10. a3 a6 11. b4 Qc7 12. Rac1 c5 13. bxc5 dxc5 14. dxc5 Nxc5
15. Bf4 e5 16. Bg5 Bb7 17. Qe3 Rac8 18. Kh1 Ne6 19. Bh4 Qa5 20. Nb1 h5 21. Be1
Qc7 22. c4 bxc4 23. Rxc4 Qd7 24. Ba5 Rxc4 25. Bxc4 Qa4 26. Bb4 Rc8 27. Bxe6
fxe6 28. Rc1 1/2-1/2

[Event "51smm B Merania-Taufers"]
[Site "?"]
[Date "2020.02.21"]
[Round "8.4"]
[White "Zuev, Mikhail"]
[Black "Stivaletta, Andrea"]
[Result "1-0"]
[WhiteElo "1692"]
[BlackElo "1680"]
[PlyCount "41"]
[EventDate "2020.02.21"]

1. d4 d5 2. Nf3 Nf6 3. c4 e6 4. Nc3 Be7 5. e3 O-O 6. Bd3 dxc4 7. Bxc4 c5 8. O-O
Nc6 9. Re1 a6 10. a4 cxd4 11. exd4 Bb4 12. Bg5 h6 13. Bh4 g5 14. Bg3 g4 15. Ne5
Qxd4 16. Qb3 Qb6 17. Nxc6 bxc6 18. Bd6 Rd8 19. Qxb4 Qxb4 20. Bxb4 Rd4 21. Be7
1-0

[Event "51smm B Merania-Taufers"]
[Site "?"]
[Date "2020.02.22"]
[Round "8.5"]
[White "Flatscher, Tobias"]
[Black "Tappeiner, Michael"]
[Result "1/2-1/2"]
[WhiteElo "1591"]
[BlackElo "1803"]
[PlyCount "31"]
[EventDate "2020.02.21"]

1. d4 Nf6 2. Bf4 g6 3. Nf3 Bg7 4. e3 c5 5. c3 O-O 6. Bd3 Qb6 7. Qc2 d5 8. dxc5
Qxc5 9. h3 Nc6 10. Nbd2 Re8 11. Nb3 Qb6 12. Na5 Nh5 13. Nxc6 bxc6 14. Bh2 e5
15. O-O f5 16. c4 1/2-1/2

[Event "51smm B Ridnaun-Kaltern/Tramin2"]
[Site "?"]
[Date "2020.02.21"]
[Round "8.3"]
[White "Thaler, Elmar"]
[Black "Helfer, August"]
[Result "0-1"]
[WhiteElo "1679"]
[BlackElo "1628"]
[PlyCount "74"]
[EventDate "2020.02.21"]

1. d4 e6 2. e4 g6 3. Nf3 Bg7 4. c4 d6 5. Nc3 Ne7 6. Be2 b6 7. O-O O-O 8. Bg5
Nd7 9. Qd2 Nf6 10. Bh6 c5 11. Bxg7 Kxg7 12. Rad1 Bb7 13. e5 Nfg8 14. Qg5 d5 15.
Nb5 Nc8 16. Qe3 a6 17. Nc3 cxd4 18. Nxd4 Nce7 19. Bf3 Qc7 20. cxd5 exd5 21. Rc1
Qd8 22. Rfd1 Rc8 23. a4 Rc4 24. Rc2 Nh6 25. g4 Bc8 26. h3 Be6 27. Be2 Rb4 28.
Bxa6 Qb8 29. Bb5 Bxg4 30. Na2 Bxd1 31. Rd2 Rxb5 32. Nxb5 Bxa4 33. Nbc3 Bc6 34.
Nb4 Qa7 35. Qg5 Nhg8 36. Nc2 h6 37. Qe3 Nf5 0-1